Forest valuation for decision-making : lessons of experience and proposals for improvement

Bibliographic Details
Main Author: KENGEN
Corporate Author: Food and Agriculture Organization of the United Nations (FAO)
Format: Book
Published: Rome : Food and Agriculture Organization of the United Nations , 1997
Subjects:

MARC

LEADER 00000cam a2200000 7i4500
001 0000002489
005 20030702.0
090 0 0 |a FAO634.92   |b KEN 1997 
100 1 0 |a KENGEN   |h Sebastiao 
245 1 0 |a Forest valuation for decision-making :   |b lessons of experience and proposals for improvement   |c Sebastiao Kengen 
260 0 0 |a Rome :   |b Food and Agriculture Organization of the United Nations ,   |c 1997 
300 |a x, 134 p. ;   |c 30 cm. 
500 0 0 |a Includes bibliographical references 
650 0 0 |a Forests and forestry   |x Valuation 
710 1 1 |a Food and Agriculture Organization of the United Nations (FAO) 
998 |a JPSM 
999 |a 0000004638   |b Monograph   |c Open Shelf   |e Default branch